000 00574nam a2200169Ia 4500
003 IN-BaIIA
008 211028s9999 xx 000 0 eng d
040 _cIIA Library
080 _a52(083)
_bDOW
100 _aDowning, A. M. W.
_9906
245 0 _aPrecession tables adapted to newcomb's value of the precessional constant and reduced to the epoch 1910.0
_cA. M. W. Downing
260 _aEdinburgh
_bHell & Company
_c1899
300 _aiv,81p
650 _aAstronomy and Astrophysics Thesaurus
650 _aTables
_9907
942 _cBK
999 _c399
_d399